000 00580nam a22001817a 4500
003 OSt
005 20251009113510.0
008 251009b |||||||| |||| 00| 0 eng d
020 _a9780435898731
040 _cHEINEMANN EUCATIONAL PUBLISHERS,
050 _aHD 8038 .M66 2002
082 _21ST EDITION
_aHD 8038 .M66 2002
_b32
245 _aCAREERS IN SCIENCE AND TECHNOLOGY
260 _aSANDTON 2146, JOHANESBURG, SOUTH AFRICA
_bHEINEMANN EDUCATIONAL PUBLISHERS
_c2002
505 _tCAREERS IN SCIENCE AND TECHNOLOGY
760 _bEDITED BY KAREN MORRISON
942 _2lcc
_cBK
_n0
999 _c9582
_d9582